000 00299nam a22001337a 4500
008 170307b xxu||||| |||| 00| 0 eng d
020 _a9780838514771
041 _aeng
080 _223 ED
_a611
100 _a6
101 _aSHM
245 _aCORRELATIVE NEURO ATONOMY
_cWAXMAM.S.G
942 _2udc
_cBK
999 _c6996
_d6996